|
|
|
|
| LEADER |
00000nam a2200000 a 4500 |
| 001 |
vtls001284279 |
| 003 |
SK-MaSNL |
| 005 |
20260301113413.0 |
| 008 |
180126s1997 xo a 0 slo |
| 020 |
|
|
|c [20,00]
|
| 035 |
|
|
|a SNK000235769
|
| 040 |
|
|
|a SNK
|b slo
|c SNK
|e AACR2
|
| 041 |
0 |
|
|a slo
|
| 044 |
|
|
|a xo
|c SK
|
| 080 |
|
|
|a 943.764.7-22"1907"
|2 1981
|
| 245 |
1 |
0 |
|a Černová 1907-1997
|b mimoriadne vydanie pri 90. výročí neľudského vraždenia Slovákov Maďarmi v Černovej
|c zostavili a zredigovali Ľudovít Horvát a Ladislav Paška
|
| 260 |
|
|
|a Ružomberok [etc.]
|b Knižnica Rozhľadov [etc.]
|c [1997]
|
| 300 |
|
|
|a [10] s.
|c 42 cm
|
| 500 |
|
|
|a Čiast. text čes. a angl.
|
| 650 |
0 |
7 |
|a Černovská tragédia (1907 : Černová, Ružomberok, Slovensko)
|2 SNK
|9 13642
|
| 651 |
|
7 |
|a Černová (Ružomberok, Slovensko)
|2 SNK
|9 105537
|
| 999 |
|
|
|c 714072
|d 716002
|
| 952 |
|
|
|t P60, <03>, [BOOK], {603}
|a SNK
|b SNK
|y PREZ
|7 0
|p 17A0177967
|o snkOSA 513
|i snkD 336/99
|0 0
|1 0
|4 0
|d 1999-02-09
|l 0
|r 2005-01-02 00:00:00
|w 2026-02-23
|
| 952 |
|
|
|t P60, <04>, [BOOK], {604}
|a SNK
|b SNK
|y VYP
|7 0
|p 17A0238022
|o snkOSA 513 D1
|i snkD 337/99
|0 0
|1 0
|4 0
|d 1999-02-09
|l 0
|r 2005-01-02 00:00:00
|w 2026-02-23
|